03154nam a2200373 u 450000100070000000500170000700800410002402000150006502000180008003500110009803500210010904000130013004100080014308000070015110000430015824500330020126000610023430000170029549000220031250511060033452009260144065000210236665000190238765000250240670000390243170000370247070000500250770000470255770000380260470000360264270000310267870000340270970000370274315777320260506075546.0971212s1995 spa  a9586551156 a9789586551861 a157773 a(OCoLC)778014186 ccomduadb aspa aWO10aÁlvarez Echeverri, Tiberio4edteedt10aCirugía : anestesiología aMedellín :bEditorial Universidad de Antioquia,c1995. axxvi, 454 p.0 aYuluka / Medicina aCONTENIDO : Evolución historica de la anestesiología. -- Perfil general y riesgos profesionales del anestesiólogo. -- Seguridad durante el proceso anestésico. -- Proceso anestésico. -- Principios farmcológicos de la anestesia. -- Efectos de la anestesia en el corazón, el pulmón, el riñón y el higado. -- Registro anestésico. -- Máquina de anestesia. -- Líquidos y electrólitos. -- Trasfusión sanguínea. -- Evaluación y medicación preanestésicas. -- Inducción anestésica. -- Relajantes musculares. -- Sala de recuperación. -- Anestesia obstétrica. -- Anestesia pediátrica. -- Anestesia geriátrica. -- Anestesia endocrinológica. -- Anestesia en neurocirugía. -- Anestesia en un paciente con trauma encefalocraneano. -- Anestesia en trauma. -- Anestesia ambulatoria. -- Dolor agudo. -- Dolor en los niños. -- Complicaciones durante el proceso anestésico. -- Choque. -- Insuficiencia respiratoria. -- Reanimación cardiopulmonar del adulto. -- Reanimación cardiopulmonar pediátrica. -- Información básica sobre medicamentos. -- Índice.3 aAnestesiología brinda las directrices generales para la solución de problemas en el proceso anestésico, en la reanimación cardiopulmonar y en el alivio del dolor; para ello se da la información básica y se comenta con tablas y dibujos debidamente seleccionados. De otro lado, esta obra viene a llenar un vacío en la literatura médica existente en Colombia y Latinoamérica -casi toda foránea- y, por tanto, guiada por parámetros para otro tipo de comunidad. La colección de Cirugía presenta una visión actualizada de la patología quirúrgica básica y de las diferentes especialidades; registra la experiencia acumulada en nuestro medio, a través de la extensa trayectoria del profesorado de la Universidad de Antioquia y de otros profesores universitarios colombianos; y contribuye con críticas, apreciaciones e investigaciones a la literatura quirúrgica publicada en otros países. 0aAnestesiología 7aAnestesia2dcs 7aCirugia general2dcs10aAlvarez Osorio, Fernando4auteaut10aArcila Posada, Enrique4auteaut10aGutiérrez Henao, Francisco Javier4auteaut10aJiménez Posada, León Darío4auteaut10aMarquez Arabia, Libardo4edteedt10aMesa V., Hernan Dario4edteedt10aMorales, Alberto4edteedt10aNoreña G., Alonso4edteedt10aRamirez Zuluaga, Fabio4edteedt